Francúzsko obnovuje islam

Politologický názor v dennej tlači ohľadom politicko-spoločenskej situácii vo Francúzku, keď sa po dlhšom čase vo obnovuje dialóg medzi predstaviteľmi islamskej viery a verejnej moci, ktorí si po sérii teroristických útokov uvedomujú nevyhnutnosť zmeny vnútornej organizácie islamu vo Francúzsku.

Gespeichert in:
Bibliographische Detailangaben
1. Verfasser: Augustín, Michael, 1991-
Format: Buchkapitel
Sprache:Slowakisch
Schlagworte:
Tags: Tag hinzufügen
Keine Tags, Fügen Sie das erste Tag hinzu!

MARC

LEADER 00000naa a2200000 4500
001 0280461
005 20240502074343.8
041 0 |a slo 
044 |a SK 
245 1 0 |a Francúzsko obnovuje islam  |c Michael Augustín 
520 |a Politologický názor v dennej tlači ohľadom politicko-spoločenskej situácii vo Francúzku, keď sa po dlhšom čase vo obnovuje dialóg medzi predstaviteľmi islamskej viery a verejnej moci, ktorí si po sérii teroristických útokov uvedomujú nevyhnutnosť zmeny vnútornej organizácie islamu vo Francúzsku. 
610 2 0 |a politológia 
610 2 0 |a islam 
610 2 0 |a konflikty náboženské 
610 2 0 |a organizácie náboženské 
610 2 0 |a terorizmus 
610 2 0 |a problémy spoločenské 
610 2 0 |a vývoj spoločenský 
610 2 0 |a situácia politická 
610 2 0 |a Francúzsko 
100 1 |a Augustín, Michael, 1991-